<?xml version="1.0" encoding="UTF-8"?>
<record
    xmlns:xsi="http://www.w3.org/2001/XMLSchema-instance"
    xsi:schemaLocation="http://www.loc.gov/MARC21/slim http://www.loc.gov/standards/marcxml/schema/MARC21slim.xsd"
    xmlns="http://www.loc.gov/MARC21/slim">

  <leader>00706nam a22001337a 4500</leader>
  <datafield tag="040" ind1=" " ind2=" ">
    <subfield code="c">RUA</subfield>
  </datafield>
  <datafield tag="082" ind1=" " ind2=" ">
    <subfield code="a">AGR TE 2008 B035 Or.1</subfield>
  </datafield>
  <datafield tag="100" ind1=" " ind2=" ">
    <subfield code="a">TE KIM SOK HENG </subfield>
  </datafield>
  <datafield tag="245" ind1=" " ind2=" ">
    <subfield code="a">Arthropod pests and natural enemies on cashew tree in santuk district, kampong thom province,(&#x1794;&#x17D2;&#x179A;&#x1797;&#x17C1;&#x1791;&#x179F;&#x178F;&#x17D2;&#x179C;&#x179B;&#x17D2;&#x17A2;&#x17B7;&#x178F;&#x1785;&#x1784;&#x17D2;&#x179A;&#x17C3; &#x1793;&#x17B7;&#x1784; &#x179F;&#x178F;&#x17D2;&#x179C;&#x179B;&#x17D2;&#x17A2;&#x17B7;&#x178F;&#x1798;&#x17B6;&#x1793;&#x1794;&#x17D2;&#x179A;&#x1799;&#x17C4;&#x1787;&#x1793;&#x17CD;&#x179B;&#x17BE;&#x178A;&#x17C6;&#x178E;&#x17B6;&#x17C6;&#x179F;&#x17D2;&#x179C;&#x17B6;&#x1799;&#x1785;&#x1793;&#x17D2;&#x1791;&#x17B8; &#x1793;&#x17C5;&#x179F;&#x17D2;&#x179A;&#x17BB;&#x1780;&#x179F;&#x1793;&#x17D2;&#x1791;&#x17BB;&#x1780; &#x1781;&#x17C1;&#x178F;&#x17D2;&#x178F;&#x1780;&#x17C6;&#x1796;&#x1784;&#x17CB;&#x1792;&#x17C6;)</subfield>
  </datafield>
  <datafield tag="260" ind1=" " ind2=" ">
    <subfield code="a">phnom penh </subfield>
    <subfield code="b">RUA </subfield>
    <subfield code="c">2008</subfield>
  </datafield>
  <datafield tag="300" ind1=" " ind2=" ">
    <subfield code="a">xiii,77p.</subfield>
    <subfield code="c">ill.</subfield>
  </datafield>
  <datafield tag="856" ind1=" " ind2=" ">
    <subfield code="u">https://drive.google.com/file/d/1zoXrYVED--DiEgHyRBXr0Zj9ez2a_AFz/view?usp=sharing</subfield>
  </datafield>
  <datafield tag="942" ind1=" " ind2=" ">
    <subfield code="c">AGR</subfield>
  </datafield>
  <datafield tag="999" ind1=" " ind2=" ">
    <subfield code="c">1018</subfield>
    <subfield code="d">1018</subfield>
  </datafield>
  <datafield tag="952" ind1=" " ind2=" ">
    <subfield code="0">0</subfield>
    <subfield code="1">0</subfield>
    <subfield code="2">ddc</subfield>
    <subfield code="4">0</subfield>
    <subfield code="6">AGR_TE_2008_000000000000000_B035_OR_1</subfield>
    <subfield code="7">0</subfield>
    <subfield code="9">4174</subfield>
    <subfield code="a">LBB</subfield>
    <subfield code="b">LBB</subfield>
    <subfield code="c">B035</subfield>
    <subfield code="d">2015-09-21</subfield>
    <subfield code="o">AGR TE 2008 B035 Or.1</subfield>
    <subfield code="p">RUA008935</subfield>
    <subfield code="r">2015-09-21</subfield>
    <subfield code="w">2015-09-21</subfield>
    <subfield code="y">AGR</subfield>
  </datafield>
  <datafield tag="952" ind1=" " ind2=" ">
    <subfield code="0">0</subfield>
    <subfield code="1">0</subfield>
    <subfield code="2">ddc</subfield>
    <subfield code="4">0</subfield>
    <subfield code="6">AGR_TE_2008_000000000000000_B035_OR_2</subfield>
    <subfield code="7">0</subfield>
    <subfield code="9">4175</subfield>
    <subfield code="a">LBB</subfield>
    <subfield code="b">LBB</subfield>
    <subfield code="d">2015-09-21</subfield>
    <subfield code="l">1</subfield>
    <subfield code="o">AGR TE 2008 B035 Or.2</subfield>
    <subfield code="p">RUA008498</subfield>
    <subfield code="r">2019-08-16</subfield>
    <subfield code="s">2019-08-07</subfield>
    <subfield code="w">2015-09-21</subfield>
    <subfield code="y">AGR</subfield>
  </datafield>
</record>
